Siempre en ridiculo : drama en tres actos y en prosa.

Saved in:
Bibliographic Details
Main Author: Echegaray, Jose
Format: Book
Language:Spanish
Published: Madrid : Rodriguez, 1891.
LEADER 00661nam a22001811 4500
001 c000204210
003 CARM
005 20021125002000.0
008 851113s1891 sp 0 spa d
019 1 |a 4141588  |5 LACONCORD2021 
035 |a (OCoLC)41614572  |5 LACONCORD2021 
100 1 |a Echegaray, Jose. 
245 1 0 |a Siempre en ridiculo :  |b drama en tres actos y en prosa. 
260 |a Madrid :  |b Rodriguez,  |c 1891. 
852 8 |b CARM  |h A2:AL11A0  |i A03201  |p 0291794  |f BK 
082 0 4 |a 862.5 
999 f f |i a121bde1-1ed2-5a1f-98f9-673eea926ac9  |s 1a1839c6-432a-5027-98f0-e065969d6344 
952 f f |p Can circulate  |a CAVAL  |b CAVAL  |c CAVAL  |d CARM 1 Store  |e A03201  |f A2:AL11A0  |h Other scheme  |i book  |m 0291794